000 00437nam a22001817a 4500
003 MPLRDC
005 20220104152740.0
008 210129b ||||| |||| 00| 0 eng d
082 _a848.1 LYT-25
100 _a林语堂著
245 _a林语堂精摘
_c
250 _a再版
260 _a
_b远景出版事业公司
_c1980
300 _b
490 _a远景丛刊; 72
650 _a现代别集
942 _cBK
_o848.1 LYT-25
999 _c53072
_d53062